000 00937nac a22002771i 4500
003 EG-ScBUE
005 20250727091103.0
008 250717t1997 njua f 001 0 eng d
020 _a0136542034
020 _a9780136542032
040 _aEG-ScBUE
_beng
_erda
_cEG-ScBUE
_dEG-ScBUE
082 0 4 _a541.3078
_bHAL
_222
100 1 _aHalpern, Arthur M.,
_eauthor.
245 1 0 _aExperimental physical chemistry :
_ba laboratory textbook /
_cArthur M. Halpern, Indiana State University.
250 _aSecond edition.
264 1 _aUpper Saddle River, New Jersey :
_bPrentice Hall,
_c[1997]
264 4 _cc1997
300 _axviii, 605 pages :
_billustrations ;
_c28 cm
336 _2rdacontent
_atext
_btxt
337 _aunmediated
_2rdamedia
_bn
338 _avolume
_bnc
_2rdacarrier
500 _aIncludes index.
650 7 _aChemistry, Physical and theoretical
_xLaboratory manuals.
_2BUEsh
655 _vReading book
942 _cBB
_2ddc
999 _c433
_d433